| 000 | 01159nam a2200289 i 4500 | ||
|---|---|---|---|
| 003 | DO-SdBNP | ||
| 005 | 20230425145846.0 | ||
| 007 | ta | ||
| 008 | 210222b 2018 dr 00| 0 eng d | ||
| 020 | _a9789945911220 | ||
| 040 |
_aDO-SdBNP _bspa _cBNPHU _erda |
||
| 082 | 4 | _222 | |
| 100 | 1 |
_aGarcía Pantaléon, V. A. _977877 |
|
| 245 | 1 | 0 |
_aEstética de lo imposible : _bla transcodificación de la mirada por el cine digital / _cVladimir García Pantaléon. |
| 264 |
_aSanto Domingo : _bSeña, _c2018. |
||
| 300 |
_a115 páginas ; _c22 cm. |
||
| 336 |
_2rdacontent _atexto _btxt |
||
| 337 |
_2rdamedia _asin mediación _bn |
||
| 338 |
_2rdacarrier _avolumen _bnc |
||
| 490 | 1 | _aTeoría y crítica | |
| 500 | _aIncluye datos biográficos del autor en la contracubierta. | ||
| 500 | _aLa biblioteca posee 1 ejemplar autografiado por el autor. | ||
| 504 | _aBibliografía : p. 107-115 | ||
| 505 | 0 |
_aIntroducción --
_tLa técnica como espacio de transformación -- _tCuerpos exiliados: el asalto digital -- _tEl séptimo arte como nueva narrativa -- _t El grado cero de la imagen cinematográfica. |
|
| 590 | _aInventariado, 2021 /LP | ||
| 942 |
_2ddc _cLBS1 |
||
| 999 |
_c49424 _d49424 |
||